000 01140nam a2200241Ia 4500
003 OSt
005 20210527111101.0
008 210310s1970 eu fr 001 0 spa d
040 _aCO-JMCR
_cCO-JMCR
041 1 _aspa
_heng
082 0 4 _a332.153 /
_bD247f
_223
100 1 _aDavenport, Robert W.,
_915765
_eautor
245 1 0 _aFinanciamiento del pequeño industrial en los países en desarrollo /
_cRobert W. Davenport ; [traductor, Francisco Gómez Palacio]
260 _aMéxico :
_bCentro Regional de Ayuda Técnica : ADI,
_c1970
300 _axvi, 507 páginas ;
_c21 cm.
500 _aIncluye notas a pie de página e índice alfabético. Título original: Financing the small manufacturer in developing countries
505 0 _aEstrategia general para perfeccionar los servicios financieros -- Posibles conductas del financiamiento de desarrollo -- Algunos problemas de operación -- Estudios de casos adicionales
546 _aTraducido del inglés.
650 1 4 _aPaíses en desarrollo
_915767
_xFinanzas
650 1 4 _aEmpresas
_xGestión
_937943
700 1 _aGómez Palacio, Francisco,
_etraductor
_937944
942 _2ddc
_cBK
999 _c7900
_d7900